Sports Quiz

Random Sports or Baseball Quiz

Saving Wahoo slideshow Quiz Stats

Quiz not verified by Sporcle

Challenge
Share
Tweet
Score 0/12 Timer 03:00
0 Plays Today
% Correct
Cleveland Browns
94.5%
Cleveland Cavaliers
92.7%
Cleveland Spiders
89.9%
Cleveland Rams
86.2%
Cleveland State Vikings
73.4%
Cleveland Naps
69.7%
Cleveland Panthers
66.1%
Cleveland Barons
59.6%
Cleveland Broncos
57.8%
Cleveland Buckeyes
57.8%
Cleveland Blues
51.4%
Cleveland Infants
28.4%

You're not logged in!

Compare scores with friends on all Sporcle quizzes.
Sign Up with Email
OR
Log In

You Might Also Like...

Show Comments

Extras

Top Quizzes Today


Score Distribution

Your Account Isn't Verified!

In order to create a playlist on Sporcle, you need to verify the email address you used during registration. Go to your Sporcle Settings to finish the process.